Представление документа в формате MARC21

Поле Инд. ПП Название Значение
Тип записи a
Библиографический уровень b
001 Контрольный номер RU/IS/BASE/103809831
005 Дата корректировки 20251229131325.6
084 a Индекс другой классификации/Индекс ББК 31.62; 31.63; 31.64; 31.7; 20.18
100 1_ a Автор Селезнев И. С.
q Полное имя Селезнев Игорь Сергеевич
245 10 a Заглавие Возобновляемые источники энергии: панацея или разумная необходимость
500 a Примечание Справка об авторах
504 a Библиография Лит. в конце статьи
520 0_ a Аннотация В статье подробно рассмотрены плюсы и минусы применения возобновляемых источников энергии в народном хозяйстве
650 04 a Основная рубрика альтернативная энергетика
a Основная рубрика ветроэнергетика
a Основная рубрика гелиоэнергетика
a Основная рубрика геоэнергетика
a Основная рубрика природопользование
a Основная рубрика экология
a Основная рубрика энергетика
653 0_ a Ключевые слова альтернативные источники энергии
a Ключевые слова ветровая энергия
a Ключевые слова ветроэнергетические установки (ВЭУ)
a Ключевые слова возобновляемые источники энергии (ВИЭ)
a Ключевые слова газогенераторные установки
a Ключевые слова геотермальная энергия
a Ключевые слова гидроэнергия
a Ключевые слова источники энергии
a Ключевые слова малая гидроэнергетика
a Ключевые слова нетрадиционные источники энергии
a Ключевые слова приливная энергия
a Ключевые слова рациональное природопользование
a Ключевые слова солнечная энергия
a Ключевые слова теплосиловые установки
a Ключевые слова экологически чистые источники энергии
a Ключевые слова экологический мониторинг
a Ключевые слова энергия биомассы
a Ключевые слова энергия океана
700 12 a Автор Кашфразиев Ю. А.
q Полное имя Кашфразиев Юныс Абрарович
773 18 t Заглавие источника Вестник Международного университета природы, общества и человека "Дубна"
d Дата издания источника 2001
g Прочая информация № 1 (4). - С. 40 - 45
w Контрольный № источника RU/IS/BASE/103807766
901 t Тип документа b